000 00535nam a2200181 4500
001 139178
003 ES-MaACL
005 20230906195722.0
007 t|
008 070214s1966 sp r ||||1| spa d
100 1 _aScantamburlo, G.
_9104141
245 1 0 _aPablo VI___ `Tendremos corazón para todos` /
_cG. Scantamburlo, P. Lizarraga.
250 _a1ª ed.
260 _aBilbao :
_bDesclée de Brouwer,
_c1966.
300 _a417 p., 6 lám. ;
_c19 cm.
700 1 _aLizárraga, P.
_972615
852 _aES-MaACL
_jC-30440
_bR.60692
999 _c139178
_d139178